| 000 | 01078nam a2200217 a 4500 | ||
|---|---|---|---|
| 008 | 070724s2007 ||||||||||||||||| || u | ||
| 050 | _aNEWSPAPER | ||
| 110 | _aZambia Daily Mail Newspapers | ||
| 245 | 1 | 0 |
_aCopperbelt University shut _cby Bennet Simbeye |
| 260 |
_aLusaka _c2007 |
||
| 300 | _aTimes pp. 1, MIDDLE; ZDM pp. 2, BOTTOM left | ||
| 350 | _a0.00 | ||
| 500 | _aTimes of Zambia, Tuesday, July 24, 2007 & Zambia Dailoy Mail, Tuesday, July 24, 2004 | ||
| 650 | _aUNIVERSITIES AND COLLEGES--ZAMBIA--STUDENT LIFESTYLE | ||
| 650 | _aUNIVERSITIES AND COLLEGES--ZAMBIA--CONDITIONS OF SERVICE | ||
| 650 | _aMANAGEMENT INFORMATION SYSTEMS | ||
| 650 | _aUNIVERSITIES AND COLLEGES--ZAMBIA--STUDENT RIOTS | ||
| 710 | _aTimes of Zambia Newspapers | ||
| 995 |
_aSPECIAL COLLECTIONS _D0.00 _e03002236 _FCBU-MAIN LIBRARY (Kitwe) _H1 _I0.00 _jZDM/24/07/2007 _M2 _UAVAILABLE _WJul 24, 2007 _yZ03002236 _ZUniversity Collection |
||
| 995 |
_aSPECIAL COLLECTIONS _D0.00 _e03002235 _FCBU-MAIN LIBRARY (Kitwe) _H1 _I0.00 _jTZ/24/07/2007 _M1 _UAVAILABLE _WJul 24, 2007 _yZ03002235 _ZUniversity Collection |
||
| 999 |
_c62505 _d62505 |
||